Financial accounting / (Record no. 99857)
[ view plain ]
| 000 -LEADER | |
|---|---|
| fixed length control field | 01129nam a22002897a 4500 |
| 005 - DATE AND TIME OF LATEST TRANSACTION | |
| control field | 20230317172612.0 |
| 010 ## - LCCN (DPL NO) | |
| LC control number | 1617EN ENG-136357 ENG-115084 |
| 020 ## - INTERNATIONAL STANDARD BOOK NUMBER | |
| International Standard Book Number | 9789339223359 (v.1) |
| Terms of availability | 500.00 |
| 020 ## - INTERNATIONAL STANDARD BOOK NUMBER | |
| International Standard Book Number | 9789339224240 (v.2) |
| Terms of availability | 535.00 |
| 020 ## - INTERNATIONAL STANDARD BOOK NUMBER | |
| International Standard Book Number | 9789339224240 (v.2) |
| Terms of availability | 535.00 (Ashok Vihar) |
| 035 ## - SYSTEM CONTROL NUMBER | |
| System control number | B-665144 |
| 035 ## - SYSTEM CONTROL NUMBER | |
| System control number | EN-119889 |
| 037 ## - SOURCE OF ACQUISITION | |
| Source of stock number/acquisition | ABC |
| 037 ## - SOURCE OF ACQUISITION | |
| Source of stock number/acquisition | DBAD/PUB |
| Stock number | EN-98616 |
| 082 ## - DEWEY DECIMAL CLASSIFICATION NUMBER | |
| Classification number | 657.48 |
| 100 ## - MAIN ENTRY--PERSONAL NAME | |
| Personal name | Hanif, Mohammed |
| 245 ## - TITLE STATEMENT | |
| Title | Financial accounting / |
| Statement of responsibility, etc | By Mohammed Hanif and Amitabha Mukherjee |
| 250 ## - EDITION STATEMENT | |
| Edition statement | 3rd ed |
| 260 ## - PUBLICATION, DISTRIBUTION, ETC. (IMPRINT) | |
| Place of publication, distribution, etc | Noida |
| Name of publisher, distributor, etc | McGraw Hill Education |
| Date of publication, distribution, etc | 2016 |
| 270 ## - ADDRESS | |
| Address | B-4, Sector - 63, Gautam Budh Nagar, |
| City | Noida |
| Postal code | 201301 |
| 300 ## - PHYSICAL DESCRIPTION | |
| Extent | 2V.(various pagings) |
| Dimensions | 25cm(pbk) |
| 500 ## - GENERAL NOTE | |
| General note | Includes index |
| 700 ## - ADDED ENTRY--PERSONAL NAME | |
| Personal name | Mukherjee, Amitabha |
| 942 ## - ADDED ENTRY ELEMENTS (KOHA) | |
| Source of classification or shelving scheme | Dewey Decimal Classification |
| Item type | English Books |
| Call number suffix | HAN |
| Classification part | 657.48 |
| Withdrawn status | Lost status | Not for loan | Collection code | Home library | Current library | Date acquired | Source of acquisition | Cost, normal purchase price | Full call number | Barcode | Copy number | Cost, replacement price | Koha item type | Materials specified (bound volume or other part) |
|---|---|---|---|---|---|---|---|---|---|---|---|---|---|---|
| Non-fiction | Ashok Vihar | Ashok Vihar | 09/05/2017 | BPPD/EN/2016-17/AV/16-17/452/15.2.2017/5058/28.2.2017/ 7.3.2017 | 535.00 | 657.48 HAN | B-665144 | 1 | 535.00 | English Books | v.2 | |||
| Not For Loan | Non-fiction | D.B.Act.Division | Bawana | 10/05/2016 | DBAD/PUB | 535.00 | 657.48 HAN | EN-98616 | 1 | 535.00 | English Books | |||
| Non-fiction | Katevara | Katevara | 09/03/2023 | DBAD/PUB | 535.00 | 657.48 HAN | EN-119889 | 1 | 535.00 | English Books |
